Central Library OPAC University of Rajshahi

Applied regression analysis / (Record no. 7420)

MARC details
000 -LEADER
fixed length control field 01045nam a2200337 i 4500
001 - CONTROL NUMBER
control field 7420
003 - CONTROL NUMBER IDENTIFIER
rucl marc code BD-RJUL
005 - DATE AND TIME OF LATEST TRANSACTION
control field 20211208234418.0
008 - FIXED-LENGTH DATA ELEMENTS--GENERAL INFORMATION
fixed length control field 160906s1981 nyua b 001 0 eng
020 ## - INTERNATIONAL STANDARD BOOK NUMBER
International Standard Book Number 0471029955
035 ## - SYSTEM CONTROL NUMBER
System control number BD-RJUL 7463
System control number (OCoLC)06486827
System control number GLIS00107668
040 ## - CATALOGING SOURCE
Original cataloging agency DLC
Transcribing agency DLC
Modifying agency m.c.
-- OCL
-- FCR
-- MYG
Language of cataloging eng
041 ## - LANGUAGE CODE
Language code of text/sound track or separate title eng
082 ## - DEWEY DECIMAL CLASSIFICATION NUMBER
Edition number 23
Classification number 519.536
Author mark and year DRA 1981
099 ## - LOCAL FREE-TEXT CALL NUMBER (OCLC)
Bangla Class number QA278.2.D7 1981
100 1# - MAIN ENTRY--PERSONAL NAME
Personal name Draper, Norman Richard.
9 (RLIN) 154562
245 10 - TITLE STATEMENT
Title Applied regression analysis /
Statement of responsibility, etc. N. R. Draper, H. Smith.
250 ## - EDITION STATEMENT
Edition statement 2d ed.
260 ## - PUBLICATION, DISTRIBUTION, ETC. (IMPRINT)
Place of publication, distribution, etc. New York :
Name of publisher, distributor, etc. Wiley,
Date of publication, distribution, etc. c1981.
300 ## - PHYSICAL DESCRIPTION
Pagination xiv, 709 p. :
Illustrations ill. ;
Size 24 cm.
490 1# - SERIES STATEMENT
Series statement Wiley series in probability and mathematical statistics
500 ## - GENERAL NOTE
General note Includes index.
504 ## - BIBLIOGRAPHY, ETC. NOTE
Bibliography, etc Bibliography: p. 675-699.
650 #0 - SUBJECT ADDED ENTRY--TOPICAL TERM
Topical term or geographic name as entry element Regression analysis.
9 (RLIN) 118127
700 1# - ADDED ENTRY--PERSONAL NAME
Personal name Smith, Harry,
Dates associated with a name 1923-2012.
830 #0 - SERIES ADDED ENTRY--UNIFORM TITLE
Uniform title Wiley series in probability and mathematical statistics.
942 ## - ADDED ENTRY ELEMENTS (KOHA)
Source of classification or shelving scheme Dewey Decimal Classification
Koha item type Books
Holdings
Lost status Source of classification or shelving scheme Damaged status Not for loan Collection code Permanent Location Current Location Shelving location Date acquired Source of acquisition Cost, normal purchase price Total Checkouts Full call number Date last seen Copy number Koha item type
  Dewey Decimal Classification     Non-fiction Central Library, University of Rajshahi Central Library, University of Rajshahi   15/09/1984 Topan talip 37.50   519.536 DRA 1981 06/09/2016 C-2 Books
  Dewey Decimal Classification   Not For Loan Non-fiction Central Library, University of Rajshahi Central Library, University of Rajshahi Reading Room 06/10/1982 Heffer and sons 19.95   519.536 DRA 1981 24/04/2017 C-1 Books